Introduction to information systems : (Record no. 82)
[ view plain ]
| 000 -LEADER | |
|---|---|
| fixed length control field | 00733nam a22002172 4500 |
| 001 - CONTROL NUMBER | |
| control field | 0000000216 |
| 005 - DATE AND TIME OF LATEST TRANSACTION | |
| control field | 20151021151041.0 |
| 008 - FIXED-LENGTH DATA ELEMENTS--GENERAL INFORMATION | |
| fixed length control field | 070117s xx 000 0 eng d |
| 020 ## - INTERNATIONAL STANDARD BOOK NUMBER | |
| International Standard Book Number | 0070474222 : |
| Terms of availability | KES 2,600 |
| 040 ## - CATALOGING SOURCE | |
| Original cataloging agency | KABU |
| Transcribing agency | KABU |
| 100 1# - MAIN ENTRY--PERSONAL NAME | |
| Personal name | O'Brien, James A. |
| -- | 0000148309 |
| 245 10 - TITLE STATEMENT | |
| Title | Introduction to information systems : |
| Remainder of title | essentials for the networked e-business enterprise / |
| Statement of responsibility, etc. | James A. O'Brien. |
| 250 ## - EDITION STATEMENT | |
| Edition statement | 10th ed. |
| 260 ## - PUBLICATION, DISTRIBUTION, ETC. (IMPRINT) | |
| Place of publication, distribution, etc. | New Delhi : |
| Name of publisher, distributor, etc. | Tata McGraw-Hill, |
| Date of publication, distribution, etc. | 2001. |
| 300 ## - PHYSICAL DESCRIPTION | |
| Extent | xxvi, 530 p. |
| 650 #0 - SUBJECT ADDED ENTRY--TOPICAL TERM | |
| Topical term or geographic name as entry element | Business data processing. |
| -- | 0000148310 |
| 650 #0 - SUBJECT ADDED ENTRY--TOPICAL TERM | |
| Topical term or geographic name as entry element | Management information systems. |
| -- | 0000148209 |
| 908 ## - PUT COMMAND PARAMETER (RLIN) | |
| Put command parameter | 070117 |
| 950 ## - LOCAL HOLDINGS (RLIN) | |
| -- | 1 |
| Withdrawn status | Lost status | Source of classification or shelving scheme | Not for loan | Home library | Current library | Date acquired | Total Checkouts | Full call number | Barcode | Date last seen | Price effective from | Koha item type |
|---|---|---|---|---|---|---|---|---|---|---|---|---|
| Library of Congress Classification | Kabarak, Main Campus | Kabarak, Main Campus | 17/12/2015 | HF5548.2 .O27 2001 | 003640 | 02/08/2024 | 17/12/2015 | General Collection | ||||
| Library of Congress Classification | Kabarak, Nakuru City Campus | Kabarak, Nakuru City Campus | 21/10/2015 | HF5548.2 .O27 2001 | 005470 | 21/10/2015 | 21/10/2015 | General Collection |